[Event "interzonal (w)"]
[Site "Subotica YUG"]
[Date "1991.??.??"]
[Round "7"]
[White "Wang Pin"]
[Black "Galliamova, Alisa"]
[Result "1-0"]
[WhiteElo "2220"]
[BlackElo "2435"]
[EventDate "1991.11.??"]
[PlyCount "123"]

1.e4 e6 2.d4 d5 3.e5 c5 4.c3 Nc6 5.Nf3 Bd7 6.Be2 f6 7.exf6 Nxf6 8.O-O Bd6 
9.Be3 Ng4 10.Bg5 Qb6 11.Na3 O-O 12.Nb5 Bb8 13.h3 Nf6 14.dxc5 Qxc5 15.Be3 
Qe7 16.c4 a6 17.Nc3 Qd6 18.Re1 Bc7 19.Qd2 Rad8 20.Rad1 Be8 21.cxd5 exd5 
22.g3 Kh8 23.Bf4 Qd7 24.Bxc7 Qxc7 25.Nd4 Qf7 26.Bf1 Ne4 27.Nxe4 dxe4 28.
Rxe4 Qxa2 29.Qc3 Bg6 30.Ne6 Qxe6 31.Rxd8 Nxd8 32.Rxe6 Nxe6 33.Qb4 b5 34.
Qd6 Re8 35.f4 h5 36.Qxa6 Bf7 37.Qxb5 Rd8 38.Be2 h4 39.Qf5 Nd4 40.Qxf7 
Nxe2+ 41.Kf2 Nxg3 42.Qe7 Rd2+ 43.Ke1 Rd5 44.Qxh4+ Nh5 45.Qe7 Nf6 46.Ke2 
Kh7 47.Qc7 Rh5 48.Qc3 Nd5 49.Qd4 Nf6 50.Qd3+ Kh6 51.b4 Nd5 52.Qc4 Nxb4 53.
Qxb4 Rxh3 54.Qc5 Rh2+ 55.Kf3 Kh7 56.f5 Rh6 57.Qc8 Rf6 58.Ke4 Rh6 59.Ke5 
Rf6 60.Qe6 Rh6 61.Kd6 Kh8 62.Qxh6+ 1-0

[Event "interzonal (w)"]
[Site "Subotica YUG"]
[Date "1991.??.??"]
[Round "8"]
[White "Botsari, Anna-Maria"]
[Black "MacArthur, Beatriz"]
[Result "1-0"]
[WhiteElo "2285"]
[BlackElo "2185"]
[EventDate "1991.11.??"]
[PlyCount "59"]

1.d4 Nf6 2.c4 g6 3.Nc3 Bg7 4.e4 d6 5.f3 O-O 6.Bg5 a6 7.Qd2 Nbd7 8.Nh3 c5 
9.d5 b5 10.cxb5 Ne5 11.Nf2 axb5 12.Bxb5 Ba6 13.Bxa6 Rxa6 14.O-O Qa5 15.
Rac1 Rb8 16.b3 Rb4 17.Qe2 e6 18.dxe6 fxe6 19.Bd2 Rb7 20.Nd3 Nxd3 21.Qxd3 
Nd7 22.f4 Rb4 23.Qh3 d5 24.exd5 Rd4 25.Be1 Qa3 26.Rc2 Qa5 27.dxe6 Nf6 28.
Ne2 Qd8 29.e7 Qxe7 30.Nxd4 1-0

[Event "interzonal (w)"]
[Site "Subotica YUG"]
[Date "1991.??.??"]
[Round "8"]
[White "Chidi, Sylvia"]
[Black "Jahn, Constanze"]
[Result "1/2-1/2"]
[WhiteElo "2005"]
[BlackElo "2175"]
[EventDate "1991.11.??"]
[PlyCount "82"]

1.d4 Nf6 2.c4 e6 3.a3 d5 4.e3 Be7 5.Nf3 O-O 6.Bd3 Nbd7 7.cxd5 exd5 8.O-O 
Re8 9.Nc3 c6 10.Qc2 Bd6 11.e4 dxe4 12.Nxe4 Nxe4 13.Bxe4 Nf6 14.Bg5 h6 15.
Bxf6 Qxf6 16.h3 Bd7 17.Rfe1 Rad8 18.Rad1 g6 19.Qc3 Qf4 20.Qe3 Qxe3 21.Rxe3
f5 22.Bc2 Rxe3 23.fxe3 Be6 24.Kf2 Bd5 25.Nd2 Kg7 26.Bb3 Bxb3 27.Nxb3 Kf6 
28.Rd2 h5 29.Na5 Rd7 30.Nc4 Bc7 31.Re2 h4 32.Rd2 Ke6 33.Rc2 g5 34.Nd2 Bg3+
35.Ke2 Bd6 36.Nf1 Kd5 37.Kd3 Re7 38.Re2 c5 39.dxc5 Bxc5 40.Nd2 Bd6 41.e4+ 
fxe4+ 1/2-1/2

[Event "interzonal (w)"]
[Site "Subotica YUG"]
[Date "1991.??.??"]
[Round "8"]
[White "Csonkics, Tunde"]
[Black "Voiska, Margarita"]
[Result "1/2-1/2"]
[WhiteElo "2320"]
[BlackElo "2335"]
[EventDate "1991.11.??"]
[PlyCount "53"]

1.d4 Nf6 2.c4 e6 3.Nf3 Bb4+ 4.Bd2 a5 5.g3 d5 6.Qc2 c6 7.Bg2 Nbd7 8.O-O O-O
9.Bg5 Be7 10.Nbd2 h6 11.Bxf6 Bxf6 12.e4 Qb6 13.e5 Be7 14.Rad1 Rd8 15.c5 
Qc7 16.Rc1 f5 17.b3 Nf8 18.Kh1 Bd7 19.a3 b5 20.b4 a4 21.Ne1 Be8 22.f4 Rd7 
23.Rf2 Bd8 24.Bf3 g5 25.Nd3 Rg7 26.Rg1 g4 27.Bd1 1/2-1/2

[Event "interzonal (w)"]
[Site "Subotica YUG"]
[Date "1991.??.??"]
[Round "8"]
[White "Foisor, Cristina"]
[Black "Levitina, Irina"]
[Result "0-1"]
[WhiteElo "2350"]
[BlackElo "2370"]
[EventDate "1991.11.??"]
[PlyCount "62"]

1.c4 g6 2.g3 Bg7 3.Bg2 e6 4.Nf3 Ne7 5.O-O O-O 6.Nc3 d5 7.d4 Nbc6 8.cxd5 
exd5 9.Bg5 h6 10.Bxe7 Nxe7 11.b4 c6 12.Qb3 Nf5 13.e3 Nd6 14.Rfc1 Nc4 15.b5
h5 16.bxc6 bxc6 17.Na4 Bg4 18.Nc5 Qf6 19.Ne1 h4 20.Qc3 hxg3 21.hxg3 Bh6 
22.Nc2 Rfe8 23.Re1 Bf8 24.Nd3 Bf3 25.Bxf3 Qxf3 26.Reb1 Bd6 27.Nde1 Qg4 28.
Qd3 Kg7 29.Qd1 Qh3 30.Rb7 Rh8 31.Qf3 Qh2+ 0-1

[Event "interzonal (w)"]
[Site "Subotica YUG"]
[Date "1991.??.??"]
[Round "8"]
[White "Galliamova, Alisa"]
[Black "Peng Zhaoqin"]
[Result "0-1"]
[WhiteElo "2435"]
[BlackElo "2375"]
[EventDate "1991.11.??"]
[PlyCount "72"]

1.d4 Nf6 2.c4 g6 3.g3 Bg7 4.Bg2 O-O 5.Nf3 d6 6.O-O Nbd7 7.Nc3 e5 8.h3 Re8 
9.e4 exd4 10.Nxd4 a6 11.Be3 Rb8 12.Qc2 Ne5 13.b3 c5 14.Nde2 b5 15.cxb5 
axb5 16.f4 Ned7 17.e5 dxe5 18.fxe5 Nxe5 19.Bxc5 b4 20.Rad1 Bd7 21.Ne4 Nxe4
22.Qxe4 Qa5 23.Bd6 Qb6+ 24.Kh1 Bc6 25.Qd4 Qb7 26.Nf4 Bxg2+ 27.Nxg2 Ra8 28.
Qxb4 Qc8 29.g4 Rxa2 30.Rd2 Rxd2 31.Qxd2 Rd8 32.Qb4 Qa6 33.Rd1 Nd3 34.Rxd3 
Qxd3 35.Bf4 Qxh3+ 36.Kg1 Bd4+ 0-1

[Event "interzonal (w)"]
[Site "Subotica YUG"]
[Date "1991.??.??"]
[Round "8"]
[White "Litinskaya, Marta"]
[Black "Basagic, Vesna"]
[Result "1-0"]
[WhiteElo "2370"]
[BlackElo "2305"]
[EventDate "1991.11.??"]
[PlyCount "143"]

1.d4 d5 2.c4 e6 3.Nc3 c6 4.Nf3 Nf6 5.Bg5 h6 6.Bxf6 Qxf6 7.e3 Nd7 8.Qc2 g5 
9.O-O-O Bg7 10.cxd5 exd5 11.Kb1 g4 12.Ne1 Nb6 13.Ka1 Be6 14.Bd3 O-O-O 15.
Qe2 Kb8 16.Nc2 Rhe8 17.Rd2 Bf5 18.Bxf5 Qxf5 19.h3 h5 20.hxg4 hxg4 21.Rh4 
Nc4 22.Rd1 g3 23.Rg4 gxf2 24.Rxg7 Nd2 25.Qxd2 f1=Q 26.Rxf1 Qxf1+ 27.Qd1 
Qf2 28.Qe2 Qf6 29.Rg4 Re6 30.a3 Rde8 31.Ka2 Qf5 32.Rg3 Rg6 33.Rf3 Qg4 34.
g3 Rh8 35.Qf2 Rh2 36.Qxh2 Qxf3 37.Qh8+ Kc7 38.Qe5+ Kc8 39.Na4 Qe4 40.Qxe4 
dxe4 41.Nc3 f5 42.Ne2 Rh6 43.Kb3 Rh2 44.Nf4 Rf2 45.Kc3 Kd7 46.a4 Ke7 47.a5
Rf3 48.Ne2 Kd6 49.Kd2 b5 50.Nb4 Rf1 51.Nc2 Rb1 52.Kc3 Rd1 53.Nf4 Rg1 54.
Nh5 Ke7 55.Nb4 Rc1+ 56.Kd2 Rh1 57.Nf4 Kd6 58.Na6 Ra1 59.Nc5 Ke7 60.Ng6+ 
Kd6 61.Nh4 Kc7 62.Nxf5 Rxa5 63.g4 Ra1 64.Nxe4 Rg1 65.Neg3 Kd7 66.g5 Ke6 
67.g6 Rg2+ 68.Kc3 b4+ 69.Kb3 a5 70.g7 Kf7 71.Nh5 Rg5 72.Nh6+ 1-0

[Event "interzonal (w)"]
[Site "Subotica YUG"]
[Date "1991.??.??"]
[Round "8"]
[White "Maric, Mirjana"]
[Black "Jackson, Sheila"]
[Result "1/2-1/2"]
[WhiteElo "2250"]
[BlackElo "2190"]
[EventDate "1991.11.??"]
[PlyCount "30"]

1.e4 e5 2.Nf3 Nc6 3.d4 exd4 4.Nxd4 Nf6 5.Nxc6 bxc6 6.e5 Qe7 7.Qe2 Nd5 8.c4
Nb6 9.Nd2 Qe6 10.b3 Be7 11.Bb2 O-O 12.g3 a5 13.h4 f5 14.exf6 Qxe2+ 15.Bxe2
Bxf6 1/2-1/2

[Event "interzonal (w)"]
[Site "Subotica YUG"]
[Date "1991.??.??"]
[Round "8"]
[White "Markovic-Jovanovic, Gordana"]
[Black "Madl, Ildiko"]
[Result "1-0"]
[WhiteElo "2260"]
[BlackElo "2380"]
[EventDate "1991.11.??"]
[PlyCount "55"]

1.e4 c5 2.b3 Nc6 3.Bb2 e5 4.f4 exf4 5.Nf3 Nf6 6.Nc3 d6 7.Bc4 Be7 8.Qe2 O-O
9.O-O-O Be6 10.Kb1 Bxc4 11.Qxc4 a6 12.g3 fxg3 13.hxg3 Ne5 14.Qe2 Nxf3 15.
Qxf3 Qd7 16.Nd5 Qe6 17.Bxf6 Bxf6 18.Rxh7 Kxh7 19.Qh5+ Kg8 20.Rh1 Bh4 21.
Rxh4 f6 22.Nc7 Qe5 23.Qh7+ Kf7 24.Rg4 f5 25.Rg6 Qd4 26.c3 Qxe4+ 27.Kb2 Rg8
28.Nxa8 1-0

[Event "interzonal (w)"]
[Site "Subotica YUG"]
[Date "1991.??.??"]
[Round "8"]
[White "Matveeva, Svetlana"]
[Black "Demina, Yulia"]
[Result "1/2-1/2"]
[WhiteElo "2325"]
[BlackElo "2370"]
[EventDate "1991.11.??"]
[PlyCount "161"]

1.d4 d5 2.c4 e6 3.Nc3 c6 4.Nf3 Nf6 5.Bg5 Be7 6.e3 Nbd7 7.Qc2 h6 8.Bh4 Ne4 
9.Bxe7 Qxe7 10.Bd3 Nxc3 11.Qxc3 O-O 12.O-O dxc4 13.Bxc4 b6 14.Rad1 Bb7 15.
Rfe1 c5 16.d5 exd5 17.Bxd5 Bxd5 18.Rxd5 Nf6 19.Re5 Qd7 20.b4 cxb4 21.Qxb4 
Rfe8 22.Rb5 Rac8 23.a4 Re4 24.Qb3 Rec4 25.h3 Rc3 26.Qb1 Ra3 27.Rd1 Qe6 28.
Rb4 Qa2 29.Qf5 Re8 30.Qb5 Qc2 31.Rf1 Rc8 32.Nd4 Qc3 33.Rb2 Rc5 34.Rc2 Qxc2
35.Nxc2 Rxb5 36.axb5 Ra5 37.Nd4 a6 38.bxa6 Rxa6 39.Rb1 Nd7 40.Nc6 Kh7 41.
g4 Ra2 42.Kg2 Nc5 43.Nb4 Rd2 44.Kf3 h5 45.Rc1 hxg4+ 46.hxg4 Rb2 47.Rc4 Ne6
48.Nd3 Rd2 49.Ne5 f6 50.Nc6 b5 51.Rb4 Nc5 52.Rxb5 Nd3 53.Rh5+ Kg6 54.Rh2 
Nc5 55.Nd4 Kf7 56.Rh1 Ne6 57.Nf5 Ng5+ 58.Kg2 Ne4 59.Rf1 Ra2 60.Nd4 Kg6 61.
Kg1 Ng5 62.Nf5 Kh7 63.Ng3 Nf3+ 64.Kg2 Nh4+ 65.Kh3 Nf3 66.Nh1 Ng5+ 67.Kg2 
Ne4 68.Rd1 g6 69.Rd7+ Kh6 70.Kf3 Ng5+ 71.Kg2 Ne4 72.Rd5 Kg7 73.Rb5 Kf7 74.
Rb7+ Ke6 75.Rg7 g5 76.Rb7 Kd6 77.Rb8 Ke6 78.Rb1 Ke5 79.Kg1 Nd2 80.Rd1 Ne4 
81.Kf1 1/2-1/2

[Event "interzonal (w)"]
[Site "Subotica YUG"]
[Date "1991.??.??"]
[Round "8"]
[White "Nutu-Gajic, Daniela"]
[Black "Amura, Claudia"]
[Result "1-0"]
[WhiteElo "2310"]
[BlackElo "2405"]
[EventDate "1991.11.??"]
[PlyCount "55"]

1.Nf3 Nf6 2.c4 e6 3.d4 c5 4.e3 d5 5.a3 cxd4 6.exd4 Be7 7.Nc3 O-O 8.Bd3 
dxc4 9.Bxc4 Nc6 10.O-O Qd6 11.Qd3 Rd8 12.Rd1 a6 13.Bg5 b5 14.Ba2 Bb7 15.
Rac1 Rac8 16.Bb1 g6 17.Qd2 Qd7 18.Ba2 b4 19.axb4 Nxb4 20.Ne5 Qe8 21.Bb3 
Nfd5 22.Bxe7 Qxe7 23.Ne4 Ba8 24.Rxc8 Rxc8 25.Rc1 Rxc1+ 26.Qxc1 Qc7 27.Nf6+
Kh8 28.Qh6 1-0

[Event "interzonal (w)"]
[Site "Subotica YUG"]
[Date "1991.??.??"]
[Round "8"]
[White "Paasikangas, Johanna"]
[Black "Koskela, Niina"]
[Result "1-0"]
[WhiteElo "2130"]
[BlackElo "2110"]
[EventDate "1991.11.??"]
[PlyCount "107"]

1.d4 Nf6 2.c4 e6 3.Nf3 b6 4.e3 Bb7 5.Bd3 Be7 6.O-O O-O 7.b3 Ne4 8.Bb2 f5 
9.Nbd2 d6 10.Qc2 Nxd2 11.Nxd2 Qe8 12.f3 Qh5 13.e4 Nd7 14.exf5 exf5 15.Rae1
Bg5 16.f4 Qg4 17.g3 Bh4 18.Re3 Bd8 19.Rfe1 Qh5 20.b4 Qf7 21.Nb3 Kh8 22.d5 
b5 23.Nd4 bxc4 24.Bxf5 Nf6 25.Ne6 Bxd5 26.Nxf8 Qxf8 27.Be6 c6 28.Bd4 Bb6 
29.Bxb6 axb6 30.a4 Qd8 31.b5 Bxe6 32.Rxe6 cxb5 33.axb5 Qc7 34.Qd2 Qc5+ 35.
Qe3 Qxe3+ 36.R1xe3 d5 37.Rxb6 d4 38.Re1 Kg8 39.Rc6 Rb8 40.Rxc4 Rxb5 41.
Rxd4 Kf7 42.h3 Rb3 43.Kg2 h5 44.Rc4 Kg6 45.Rc7 Rb2+ 46.Kf1 Rh2 47.Ree7 Nd5
48.Rxg7+ Kf6 49.Rcf7+ Ke6 50.f5+ Ke5 51.Rg6 h4 52.Re6+ Kd4 53.Rd7 Kc4 54.
Re4+ 1-0

[Event "interzonal (w)"]
[Site "Subotica YUG"]
[Date "1991.??.??"]
[Round "8"]
[White "Qin Kanying"]
[Black "Vuksanovic, Sanja"]
[Result "1-0"]
[WhiteElo "2265"]
[BlackElo "2150"]
[EventDate "1991.11.??"]
[PlyCount "200"]

1.e4 e6 2.d4 d5 3.Nd2 c5 4.exd5 exd5 5.Ngf3 Nf6 6.Bb5+ Bd7 7.Qe2+ Be7 8.
dxc5 O-O 9.O-O Bxc5 10.Nb3 Re8 11.Qd3 Qb6 12.Bxd7 Nbxd7 13.Bg5 Re4 14.Bxf6
Nxf6 15.Nxc5 Qxc5 16.c3 Rae8 17.Rad1 a6 18.h3 b5 19.Rd2 h6 20.a3 Qb6 21.
Nd4 Nh5 22.Qf3 R8e5 23.Nf5 Qg6 24.Ne3 Nf4 25.Rfd1 Rg5 26.Kf1 Qe6 27.Rd4 
Rge5 28.Rxe4 Rxe4 29.h4 Ng6 30.g3 Ne7 31.Kg1 Kh7 32.Ng2 Kg8 33.Qd3 Re5 34.
Ne3 Qc6 35.Qd4 Qe6 36.Qc5 Kh7 37.Kg2 Kg8 38.Rd2 Kh7 39.Qd4 Kg8 40.Qb4 Nf5 
41.Nxf5 Rxf5 42.Qd4 Re5 43.Qd3 Kh8 44.Qf3 Kg8 45.Qd1 Re1 46.Qf3 Re5 47.Qd3
Kh8 48.Qc2 Re4 49.Qb3 Re5 50.a4 bxa4 51.Qxa4 Re2 52.Qd4 Rxd2 53.Qxd2 Qe4+ 
54.f3 Qe6 55.b4 Kg8 56.Kf2 h5 57.Qe3 Qf5 58.Qe2 Qf6 59.Qe8+ Kh7 60.Qe3 Qc6
61.Ke2 Kg8 62.Kd2 Kf8 63.Qe5 g6 64.Ke3 f6 65.Qd4 Qe6+ 66.Kd2 Qd6 67.Kc1 
Ke7 68.Qe3+ Kf7 69.Qd3 Qe6 70.Kb2 Qc6 71.Kb3 Ke6 72.Kc2 Kf7 73.Kb2 Qb5 74.
Kc2 Qc6 75.Kd2 Qd6 76.Kc1 Qc6 77.Kc2 Qa4+ 78.Kd2 Qc6 79.g4 hxg4 80.fxg4 
Qd6 81.Kc2 Qh2+ 82.Qd2 Qe5 83.Qg2 f5 84.Qf3 Ke6 85.Kd3 fxg4 86.Qxg4+ Kf7 
87.Qd7+ Kf6 88.Qd8+ Kg7 89.Qd7+ Kh6 90.Qg4 Kh7 91.Qf3 Kg7 92.Qe3 Qf5+ 93.
Kd4 Kf6 94.Qe2 Qf4+ 95.Kxd5 Qf5+ 96.Kd6 Qf4+ 97.Kd7 Qf5+ 98.Kc7 a5 99.Qa6+
Ke7 100.Qxa5 Qf4+ 1-0

[Event "interzonal (w)"]
[Site "Subotica YUG"]
[Date "1991.??.??"]
[Round "8"]
[White "Sofieva, Ainur"]
[Black "Bojkovic, Natasa"]
[Result "1-0"]
[WhiteElo "2390"]
[BlackElo "2340"]
[EventDate "1991.11.??"]
[PlyCount "121"]

1.e4 c5 2.Nf3 e6 3.d3 Nc6 4.g3 b6 5.Bg2 Bb7 6.O-O d6 7.c3 Nf6 8.Re1 Be7 9.
d4 cxd4 10.cxd4 d5 11.e5 Ne4 12.Nbd2 Nb4 13.Nxe4 dxe4 14.Nd2 Qxd4 15.Nxe4 
Qxd1 16.Rxd1 Nd5 17.Bg5 Rd8 18.Bxe7 Kxe7 19.Nd6 Ba8 20.Rac1 f6 21.Nb5 Rd7 
22.exf6+ gxf6 23.Nd4 Kf7 24.Bf3 Ne7 25.Bh5+ Ng6 26.Nb5 Bd5 27.Nc7 Rhd8 28.
Nxd5 exd5 29.Rd4 f5 30.g4 fxg4 31.Bxg4 Re7 32.Bf3 Ke6 33.Rcd1 Ne5 34.Bxd5+
Kf6 35.Bg2 Rc8 36.Rf4+ Kg5 37.Re4 Kf6 38.Rde1 Rc2 39.R1e2 Rxe2 40.Rxe2 Rc7
41.Be4 Ng6 42.Rc2 Rd7 43.f3 Nf4 44.Kf2 Ke5 45.Ke3 h5 46.a4 h4 47.a5 Rd1 
48.Rc7 Re1+ 49.Kd2 Re2+ 50.Kc3 bxa5 51.Rxa7 Rxh2 52.Rxa5+ Ke6 53.Ra6+ Ke5 
54.b4 Nd5+ 55.Kc4 Nf6 56.Ra5+ Ke6 57.Bf5+ Kd6 58.b5 h3 59.Ra1 Rf2 60.Ra6+ 
Ke5 61.Bxh3 1-0

[Event "interzonal (w)"]
[Site "Subotica YUG"]
[Date "1991.??.??"]
[Round "8"]
[White "Veroci-Petronic, Zsuzsa"]
[Black "Chelushkina, Irina"]
[Result "1/2-1/2"]
[WhiteElo "2320"]
[BlackElo "2305"]
[EventDate "1991.11.??"]
[PlyCount "90"]

1.e4 c5 2.Nf3 Nc6 3.Bb5 g6 4.Bxc6 dxc6 5.h3 Bg7 6.d3 e5 7.Be3 Qe7 8.Nc3 
Nf6 9.Qd2 Nd7 10.Bh6 Bxh6 11.Qxh6 f6 12.Qe3 Nf8 13.Nd2 Ne6 14.Ne2 Nd4 15.
Nxd4 cxd4 16.Qe2 h5 17.f4 h4 18.fxe5 fxe5 19.O-O Bd7 20.Qf2 O-O-O 21.Qf6 
Rde8 22.Qxe7 Rxe7 23.Rf6 Rg8 24.Raf1 Rgg7 25.Nf3 g5 26.Rh6 Be8 27.Nh2 Kc7 
28.Rff6 a5 29.Re6 Rxe6 30.Rxe6 Bh5 31.Ng4 Bxg4 32.hxg4 b5 33.Rxe5 Kd6 34.
Rf5 a4 35.Kf2 Ke6 36.Ke2 a3 37.b3 b4 38.Rc5 Kd6 39.Rf5 Ke6 40.Kf2 Rf7 41.
Kf3 Rf6 42.Ke2 Rg6 43.Rc5 Kd6 44.Rf5 Ke6 45.Rc5 Kd6 1/2-1/2

[Event "interzonal (w)"]
[Site "Subotica YUG"]
[Date "1991.??.??"]
[Round "9"]
[White "Amura, Claudia"]
[Black "Foisor, Cristina"]
[Result "0-1"]
[WhiteElo "2405"]
[BlackElo "2350"]
[EventDate "1991.11.??"]
[PlyCount "98"]

1.d4 Nf6 2.c4 g6 3.Nc3 Bg7 4.e4 d6 5.Be2 O-O 6.Bg5 Na6 7.Qd2 e5 8.d5 Qe8 
9.Bd1 Nc5 10.Bc2 a5 11.Nb5 Nfxe4 12.Bxe4 Nxe4 13.Qe3 Nxg5 14.Nxc7 Qd8 15.
Nxa8 f5 16.f3 f4 17.Qb6 Qe7 18.O-O-O Bf5 19.Qc7 Qxc7 20.Nxc7 Rc8 21.Nb5 
Rxc4+ 22.Kd2 Rc2+ 23.Ke1 Nf7 24.Ne2 Rxb2 25.Nbc3 Bf6 26.g4 fxg3 27.hxg3 
Ng5 28.Kf2 e4 29.fxe4 Nxe4+ 30.Nxe4 Bxe4 31.Rhf1 Rxa2 32.Ke3 Bf5 33.Nf4 
Be5 34.Rc1 Ra3+ 35.Kf2 Bd4+ 36.Kg2 Ra2+ 37.Kf3 Ra3+ 38.Kg2 Be3 39.Rc7 Be4+
40.Kh3 Bf5+ 41.Kg2 Rb3 42.Ra1 b6 43.Ra4 Rb4 44.Ra3 Rb2+ 45.Kf1 Bc5 46.Ra1 
Rh2 47.Ra4 h5 48.Ke1 Bb4+ 49.Kd1 b5 0-1

[Event "interzonal (w)"]
[Site "Subotica YUG"]
[Date "1991.??.??"]
[Round "9"]
[White "Botsari, Anna-Maria"]
[Black "Veroci-Petronic, Zsuzsa"]
[Result "0-1"]
[WhiteElo "2285"]
[BlackElo "2320"]
[EventDate "1991.11.??"]
[PlyCount "122"]

1.d4 Nf6 2.c4 g6 3.Nc3 Bg7 4.e4 d6 5.f3 O-O 6.Bg5 c5 7.d5 e6 8.Qd2 exd5 9.
cxd5 a6 10.a4 Re8 11.Nge2 Nbd7 12.Nd1 Ne5 13.Nec3 Qa5 14.Ra3 h5 15.Be2 Nh7
16.Be3 Bd7 17.O-O Qb4 18.Qc1 f5 19.a5 fxe4 20.Nxe4 Nf7 21.Kh1 Bb5 22.Qc2 
Bxe2 23.Qxe2 Nf6 24.Nec3 Ne5 25.Re1 Qc4 26.Qd2 Qd3 27.Ra4 Qxd2 28.Bxd2 Nd3
29.Rf1 Nb4 30.Ne3 Bh6 31.Nc4 Bxd2 32.Nxd2 Nfxd5 33.Nxd5 Nxd5 34.Ne4 Re6 
35.Ra3 Nb4 36.h4 Rc8 37.Rb3 Rc6 38.Rd1 b6 39.axb6 Rxb6 40.Ng5 Re7 41.Ne4 
Re6 42.Ng5 Re2 43.Rc1 a5 44.Ne4 a4 45.Ra3 Rxb2 46.Rxa4 Nd3 47.Ra8+ Kf7 48.
Ng5+ Ke7 49.Rc3 Ne5 50.Re3 Kd7 51.Ne4 Kc6 52.Rd8 Kc7 53.Rg8 R6b3 54.Nc3 
Kd7 55.Kg1 Rc2 56.Nd5 Rxe3 57.Nxe3 Re2 58.Nd5 Rd2 59.Nc3 Rc2 60.Ne4 d5 61.
Rg7+ Kc6 0-1

[Event "interzonal (w)"]
[Site "Subotica YUG"]
[Date "1991.??.??"]
[Round "9"]
[White "Chelushkina, Irina"]
[Black "Sofieva, Ainur"]
[Result "0-1"]
[WhiteElo "2305"]
[BlackElo "2390"]
[EventDate "1991.11.??"]
[PlyCount "90"]

1.g3 d5 2.Bg2 Nc6 3.c4 d4 4.d3 e5 5.Nf3 g6 6.O-O Bg7 7.Na3 a5 8.Nc2 Nf6 9.
a3 O-O 10.Rb1 Re8 11.Bg5 h6 12.Bxf6 Bxf6 13.b4 axb4 14.axb4 e4 15.dxe4 
Rxe4 16.Qd2 Bf5 17.Ra1 Rxa1 18.Nxa1 Qe7 19.b5 Rxe2 20.Qd1 Na5 21.Nxd4 Bxd4
22.Qxd4 b6 23.Bf3 Ra2 24.g4 Be6 25.Rc1 Qg5 26.Rd1 Nxc4 27.h3 Nd6 28.Qc3 
Qc5 29.Qe1 Qxb5 30.Rc1 Qd7 31.Nc2 c5 32.Ne3 Nb5 33.Bg2 Nd4 34.Rb1 b5 35.
Kh1 b4 36.Qc1 Qd6 37.Nd1 c4 38.Qxh6 c3 39.Ne3 c2 40.Rf1 Ne2 41.Nf5 Bxf5 
42.gxf5 Qf4 43.Qxf4 Nxf4 44.fxg6 Nxg2 45.gxf7+ Kxf7 0-1

[Event "interzonal (w)"]
[Site "Subotica YUG"]
[Date "1991.??.??"]
[Round "9"]
[White "Vuksanovic, Sanja"]
[Black "Galliamova, Alisa"]
[Result "0-1"]
[WhiteElo "2150"]
[BlackElo "2435"]
[EventDate "1991.11.??"]
[PlyCount "80"]

1.e4 c5 2.Nf3 Nc6 3.d4 cxd4 4.Nxd4 Nf6 5.Nc3 d6 6.Bg5 e6 7.Qd2 a6 8.O-O-O 
h6 9.Bf4 Bd7 10.Nxc6 Bxc6 11.f3 d5 12.Qe1 Bb4 13.a3 Ba5 14.exd5 Nxd5 15.b4
Nxf4 16.Rxd8+ Bxd8 17.Qe5 Bf6 18.Qc5 Be7 19.Qe5 Bf6 20.Qc5 Be7 21.Qe5 O-O 
22.Kb1 Bf6 23.Qxf4 Bxc3 24.Bd3 b5 25.Qe3 Rfc8 26.Kc1 Bd5 27.Kd1 Bf6 28.Ke2
Rc3 29.h4 Rac8 30.Kf2 Bc4 31.Qe4 Bxd3 32.cxd3 Rxa3 33.h5 Rd8 34.Rd1 Bd4+ 
35.Kg3 Rd5 36.f4 Bc3 37.Kh4 Rb3 38.g4 Rxb4 39.Qf3 Bf6+ 40.Kh3 Rbd4 0-1

[Event "interzonal (w)"]
[Site "Subotica YUG"]
[Date "1991.??.??"]
[Round "9"]
[White "Levitina, Irina"]
[Black "Demina, Yulia"]
[Result "1-0"]
[WhiteElo "2370"]
[BlackElo "2370"]
[EventDate "1991.11.??"]
[PlyCount "121"]

1.d4 d5 2.c4 c6 3.Nf3 Nf6 4.Qc2 g6 5.Bf4 dxc4 6.Qxc4 Bg7 7.e3 O-O 8.Be2 
Be6 9.Qc1 Qa5+ 10.Nc3 c5 11.O-O cxd4 12.Nxd4 Bd7 13.Rd1 Nc6 14.Nb3 Qd8 15.
Nc5 Qc8 16.Nxd7 Nxd7 17.Nd5 e5 18.Bg5 Nb6 19.Qxc6 bxc6 20.Ne7+ Kh8 21.Nxc8
Raxc8 22.Ba6 Rc7 23.e4 f5 24.exf5 gxf5 25.Rac1 e4 26.Bf4 Rcf7 27.b3 Rf6 
28.Bd6 Rg8 29.Bb7 Nd5 30.Bxc6 Rxd6 31.Rxd5 Rgd8 32.Rxd6 Rxd6 33.Kf1 Bh6 
34.Rc2 e3 35.fxe3 Bxe3 36.Ke2 Bg1 37.h3 Kg7 38.b4 Kf6 39.a4 Ke5 40.a5 h6 
41.b5 f4 42.b6 axb6 43.a6 b5 44.Bxb5 Rd5 45.Bc6 Ra5 46.Bb7 Kf5 47.Rc8 h5 
48.Rg8 h4 49.Kd3 Bf2 50.Kc4 Ra1 51.Kd5 Rd1+ 52.Kc6 Rc1+ 53.Kd7 Bb6 54.Rf8+
Ke5 55.Re8+ Kd4 56.Re4+ Kc5 57.Rxf4 Rd1+ 58.Ke6 Rd6+ 59.Kf5 Rh6 60.Ra4 
Rh5+ 61.Kg6 1-0

[Event "interzonal (w)"]
[Site "Subotica YUG"]
[Date "1991.??.??"]
[Round "9"]
[White "MacArthur, Beatriz"]
[Black "Maric, Mirjana"]
[Result "1/2-1/2"]
[WhiteElo "2185"]
[BlackElo "2250"]
[EventDate "1991.11.??"]
[PlyCount "61"]

1.e4 e6 2.d4 d5 3.Nc3 Nf6 4.Bg5 dxe4 5.Nxe4 Be7 6.Bxf6 gxf6 7.Nf3 b6 8.
Bb5+ c6 9.Bd3 Bb7 10.Qe2 Qc7 11.O-O-O Nd7 12.Rhe1 O-O-O 13.Kb1 Kb8 14.g3 
Nf8 15.Ba6 Ng6 16.Bxb7 Kxb7 17.Qc4 f5 18.Nc3 Bf6 19.Rd3 h5 20.a4 h4 21.
Red1 hxg3 22.hxg3 Be7 23.Ka2 Qd6 24.Ne5 Nxe5 25.dxe5 Qc7 26.g4 Rxd3 27.
Rxd3 Rd8 28.gxf5 Qxe5 29.fxe6 Rxd3 30.Qxd3 Qxe6+ 31.Kb1 1/2-1/2

[Event "interzonal (w)"]
[Site "Subotica YUG"]
[Date "1991.??.??"]
[Round "9"]
[White "Madl, Ildiko"]
[Black "Paasikangas, Johanna"]
[Result "1-0"]
[WhiteElo "2380"]
[BlackElo "2130"]
[EventDate "1991.11.??"]
[PlyCount "61"]

1.e4 c5 2.Nf3 e6 3.d4 cxd4 4.Nxd4 Nc6 5.Nb5 d6 6.Bf4 e5 7.Be3 Nf6 8.N1c3 
a6 9.Na3 d5 10.Nxd5 Nxd5 11.Qxd5 Qxd5 12.exd5 Bxa3 13.bxa3 Ne7 14.O-O-O 
Bd7 15.Kb1 O-O 16.c4 Rac8 17.f3 Nf5 18.Bb6 Nd6 19.Rc1 f5 20.c5 Nb5 21.Bc4 
Kh8 22.Rhe1 Rfe8 23.a4 Nd4 24.a5 Nb5 25.a4 Nc7 26.d6 Ne6 27.Rxe5 Nd4 28.
Rce1 Rxe5 29.Rxe5 Nc6 30.Re1 g6 31.Be6 1-0

[Event "interzonal (w)"]
[Site "Subotica YUG"]
[Date "1991.??.??"]
[Round "9"]
[White "Markovic-Jovanovic, Gordana"]
[Black "Csonkics, Tunde"]
[Result "1/2-1/2"]
[WhiteElo "2260"]
[BlackElo "2320"]
[EventDate "1991.11.??"]
[PlyCount "41"]

1.e4 c5 2.b3 b6 3.Bb2 Bb7 4.Nc3 e6 5.Nf3 a6 6.d4 cxd4 7.Nxd4 Qc7 8.Bd3 Nf6
9.O-O Be7 10.Kh1 Nc6 11.Nxc6 Bxc6 12.Qe2 b5 13.f4 b4 14.Nd1 Qb7 15.Nf2 h5 
16.Rae1 d6 17.a3 a5 18.axb4 axb4 19.Ra1 Rxa1 20.Rxa1 O-O 21.Bd4 1/2-1/2

[Event "interzonal (w)"]
[Site "Subotica YUG"]
[Date "1991.??.??"]
[Round "9"]
[White "Basagic, Vesna"]
[Black "Kachiani, Ketino"]
[Result "0-1"]
[WhiteElo "2305"]
[BlackElo "2345"]
[EventDate "1991.11.??"]
[PlyCount "92"]

1.d4 d5 2.c4 e6 3.Nc3 Be7 4.Nf3 Nf6 5.Bg5 Nbd7 6.Rc1 c6 7.e3 h6 8.Bh4 O-O 
9.Bd3 dxc4 10.Bxc4 b5 11.Bd3 Bb7 12.O-O Rc8 13.Qe2 b4 14.Na4 c5 15.dxc5 
Qa5 16.Bb5 Nb8 17.b3 a6 18.Bd3 Nbd7 19.e4 e5 20.Bg3 Bxc5 21.Nxc5 Nxc5 22.
Bxe5 Nfxe4 23.Bc4 Nc3 24.Qe3 N5e4 25.a3 Qxa3 26.Ra1 Qb2 27.Rfb1 Qxb1+ 28.
Rxb1 Nxb1 29.Qb6 Bc6 30.h3 Nbc3 31.Bxa6 Nd5 32.Qd4 Ndc3 33.Qxb4 Ra8 34.Bd3
Ra1+ 35.Kh2 Rd1 36.Bxe4 Nxe4 37.Nd4 Ba8 38.f3 Nd2 39.Nf5 Nf1+ 40.Kg1 Ng3+ 
41.Kf2 Nxf5 42.Qg4 g6 43.Qc4 Rd2+ 44.Ke1 Rxg2 45.f4 Bf3 46.Qa6 Re2+ 0-1

[Event "interzonal (w)"]
[Site "Subotica YUG"]
[Date "1991.??.??"]
[Round "9"]
[White "Nutu-Gajic, Daniela"]
[Black "Litinskaya, Marta"]
[Result "1/2-1/2"]
[WhiteElo "2310"]
[BlackElo "2370"]
[EventDate "1991.11.??"]
[PlyCount "73"]

1.Nf3 Nf6 2.c4 c5 3.Nc3 d6 4.d4 cxd4 5.Nxd4 b6 6.e4 e6 7.g3 Bb7 8.Bg2 a6 
9.O-O Qc7 10.Be3 Be7 11.Rc1 O-O 12.f4 Nbd7 13.f5 e5 14.Nd5 Qd8 15.Ne2 Nxd5
16.cxd5 Bg5 17.Bxg5 Qxg5 18.Rc7 Qd8 19.Rxb7 Nc5 20.f6 Nxb7 21.Qd2 Kh8 22.
g4 gxf6 23.Ng3 Rg8 24.Nh5 Rxg4 25.Rxf6 Qg8 26.Ng3 Rg6 27.Rf3 Rc8 28.Bh3 
Rc4 29.Bf5 Nc5 30.Qe2 Rd4 31.Bxg6 Qxg6 32.Re3 f5 33.exf5 Qf7 34.Rxe5 dxe5 
35.Qxe5+ Qg7 36.Qb8+ Qg8 37.Qe5+ 1/2-1/2

[Event "interzonal (w)"]
[Site "Subotica YUG"]
[Date "1991.??.??"]
[Round "9"]
[White "Peng Zhaoqin"]
[Black "Ioseliani, Nana"]
[Result "1-0"]
[WhiteElo "2375"]
[BlackElo "2470"]
[EventDate "1991.11.??"]
[PlyCount "79"]

1.d4 Nf6 2.c4 e6 3.Nc3 Bb4 4.Bg5 h6 5.Bh4 Bxc3+ 6.bxc3 d6 7.e3 Nbd7 8.Nf3 
Qe7 9.Nd2 e5 10.Bd3 g5 11.Bg3 b6 12.h4 g4 13.O-O Bb7 14.Bf5 Rg8 15.Qa4 Nh5
16.c5 Nxg3 17.fxg3 dxc5 18.dxc5 Rd8 19.Nb3 Bd5 20.Rad1 Be6 21.Qxa7 Bxf5 
22.Rxf5 Qe6 23.Rdf1 Qc6 24.cxb6 cxb6 25.Qa6 Ra8 26.Qe2 Rg7 27.Rd1 Ke7 28.
Kh2 f6 29.Qd2 Qe6 30.e4 Rg6 31.Rf2 Rc8 32.Qe3 Rc7 33.Rfd2 Qc6 34.Rd5 Qc4 
35.Qd2 Qa4 36.Rd6 Nf8 37.Rxb6 Kf7 38.Qd8 Rc6 39.Rd7+ Kg8 40.Qxf8+ 1-0